| 000 | 00191nam a22000737a 4500 | ||
|---|---|---|---|
| 999 |
_c23984 _d23984 |
||
| 003 | Nust | ||
| 005 | 20170515121429.0 | ||
| 008 | 140429b xxu||||| |||| 00| 0 eng d | ||
| 020 |
_cAvailable _a8129700751 |
||
| 040 |
_aDLC _bDLC _cRCMS |
||
| 082 | _a621.3822 MCC | ||
| 100 |
_aMcClellan, James H. _9719 |
||
| 245 | _aSignal Processing First | ||
| 260 |
_aIndia _bPearson Education _cc2003 |
||
| 300 |
_axvi,511,p: _bill: _c26,cm. |
||
| 538 | _iShelf # 15, Row # 3, Communication. Shelf # 15, Row # 5, Communication. | ||
| 650 |
_aElectrical & Computing Engineering _9714 |
||
| 856 | _3Table of Content Only | ||
| 942 |
_2ddc _cBK |
||